معجم الافعال المبنية للمجهول المعروف ب : اتحاف الفاضل بالفعل المبني لغير الفاعل

Bibliographic Details
Main Authors: صديقي, محمد علي (Author), عبد الله, يسري عبد الغني (Author)
Format: Book
Published: Bayrut : Dar al-Kutub al-'Ilmiyah , 1987
Subjects:

MARC

LEADER 00000cam a2200000 7i4500
001 0000024607
005 20031202093000.0
008 021119s1987
090 0 0 |a PJ6106   |b .S5 1987 
100 0 |a صديقي, محمد علي ,   |e author 
245 1 0 |a معجم الافعال المبنية للمجهول المعروف ب :   |b اتحاف الفاضل بالفعل المبني لغير الفاعل   |c محمد علي بن علان الصديقي الشافعي   |f اعداد وتحقيق يسري عبد الغني عبد الله 
260 2 |a Bayrut :   |b Dar al-Kutub al-'Ilmiyah ,   |c 1987 
300 |a 94 p. ;   |c 24 cm. 
650 0 |a Arabic language   |x Grammar 
650 0 |a Arabic language   |x Passive voice 
650 0 |a Arabic language   |x Verb 
700 1 |a عبد الله, يسري عبد الغني ,   |e author 
999 |a 1000050368   |b Book   |c OPEN SHELF (30 DAYS)   |e Gong Badak Campus 
999 |a 1000050369   |b Book   |c OPEN SHELF (30 DAYS)   |e Gong Badak Campus